|
|
|
|
| LEADER |
01189cam a2200289 a 4500 |
| 001 |
3938 |
| 003 |
BD-DhAAL |
| 005 |
20150525113113.0 |
| 008 |
150525s1995 ctua b 001 0 eng |
| 010 |
|
|
|a 95000121
|
| 020 |
|
|
|a 1561343331 (recycled paper)
|
| 040 |
|
|
|a DLC
|c DLC
|d DLC
|d BD-DhAAL
|
| 050 |
0 |
0 |
|a HQ767.9
|b .T34 1995
|
| 082 |
0 |
0 |
|a 305.23
|2 20
|
| 245 |
0 |
0 |
|a Taking sides.
|p Clashing views on controversial issues in childhood and society /
|c edited, selected, and with introductions by Robert L. DelCampo and Diana S. DelCampo.
|
| 246 |
3 |
0 |
|a Clashing views on controversial issues in childhood and society
|
| 250 |
|
|
|a 1st ed.
|
| 260 |
|
|
|a Guilford, Conn. :
|b Dushkin Pub. Group,
|c c1995.
|
| 300 |
|
|
|a xviii, 388 p. :
|b ill. ;
|c 24 cm.
|
| 504 |
|
|
|a Includes bibliographical references and index.
|
| 541 |
|
|
|e 3938
|
| 650 |
|
0 |
|a Children
|x Social conditions.
|9 11398
|
| 700 |
1 |
|
|a DelCampo, Robert Louis,
|d 1949-
|9 11399
|
| 700 |
1 |
|
|a DelCampo, Diana S.,
|d 1949-
|9 11400
|
| 942 |
|
|
|2 ddc
|c BK
|
| 999 |
|
|
|c 34515
|d 34515
|
| 952 |
|
|
|0 0
|1 0
|2 ddc
|4 0
|6 305_230000000000000_TAK
|7 0
|9 53878
|a SCL
|b SCL
|c GEN
|d 2015-05-25
|e Gift: The Asia Foundation
|l 0
|o 305.23 TAK
|p 3020003938
|r 2015-05-25
|t 1
|w 2015-05-25
|y BK
|